000
00388nam a2200133Ia 4500
008
100328s9999 xx 000 0 und d
082
_b
44070
100
_a
देशपांडे कृ.पं.
245
_a
संत दामाजी
260
_b
चारुदत्ता
630
_a
संत दामाजी
730
_a
संत दामाजी
942
_c
BOOK
999
_c
532375
_d
532372